000 01495nam a2200313 i 4500
001 000046580
003 DO-SdBNP
005 20230503154745.0
007 ta
008 150827s1995 dr 000 0 spa d
040 _aDO-SdBNP
_bspa
_cBNPHU
_erda
082 4 _a361.61
_bH117a
_222
110 2 _aAcción Alternativa
_974564
245 0 0 _aHacia la asamblea del pueblo dominicano /
_cpresentación, Eliazar Mota, Aniana Vargas, Fidelio Despradel
264 _aSanto Domingo :
_bAcción Alternativa,
_c1995.
300 _a16 páginas ;
_c22 cm.
336 _2rdacontent
_atexto
_btxt
337 _2rdamedia
_asin mediación
_bn
338 _2rdacarrier
_avolumen
_bnc
490 0 _aAcción alternativa ;
_v1
500 _aTítulo tomado de la cubierta.
505 0 _av.1--
_tEl pueblo dominicano ---
_tConformación social del país --
_tLa República Dominicana de hoy --
_tLa sociedad como la gran oportunidad --
_t¿Hacia donde nos conducen?--
_t¿Qué cambios políticos requieren en su república? --
_t¿Qué cambios juridico-políticos requiere este huracan?.
505 0 _av.2
_tUn breve balance histórico--
_tMovimientos y orden contrapuestos --
_tUn cambio dramatico--
_tDivorcio entre la izquierda y las masas--
_tTermina el estado de guerra--
_tDivorcio con el horizonte de las masas--
_tEl nuevo mensaje ideológico.
590 _aInventariado, 2023/MFF
700 1 _aMota, Eleazar
_974565
700 1 _aVargas, Aniana
_955815
700 1 _aDespradel, Fidelio
_9324
942 _2ddc
_cLBS1
999 _c46069
_d46069